Le monde est stone - Starmania [paroles] - Statistiques

Statistiques générales
  • Ce quiz a été pris 49 fois
  • Le résultat moyen est 106 sur 131
Statistiques - réponses
Réponse % Correct
à
100%
le
100%
mon
100%
de
97%
est
97%
Je
97%
Stone,
97%
stone
97%
la
95%
me
95%
monde
95%
ces
92%
c'est
92%
du
92%
Et
92%
moi
92%
qui
92%
Qui
92%
Au
89%
cinéma
89%
fait
89%
ma
89%
pas
89%
si
89%
sur
89%
J'ai
87%
j'ai
87%
laisser
87%
mourir
87%
seulement
87%
bien
84%
dormir
84%
J'voudrais
84%
j'voudrais
84%
milieu
84%
Ou
84%
terre
84%
tête
84%
J'sais
82%
nuit
82%
l'asphalte
79%
l'envers
79%
tourne
79%
éclate
76%
soleil
76%
M'étendre
74%
cherche
71%
tous
71%
Comme
68%
des
68%
envie
66%
plus
66%
automates
63%
battre
61%
Pour
61%
souffrir
55%
courir
47%
Que
47%
bâtissent
42%
cartes
42%
châteaux
42%
empires
42%
m'empêcher
42%
m'abattre
39%
peut
39%
plutôt
39%
secourir
39%
Venez
39%
détruire
34%
vent
34%
débattre
32%
Laissez-moi
29%
Aucun quiz correspondant
Distribution des résultats
% des personnes avec chaque résultat
Percentile par nombre de réponses
Votre historique - résultats
Vous n’avez pas pris ce quiz